000
00326 a2200109 4500
001
ART_31211
005
20260410161706.0
008
260409a
245
1
0
_a
El recupero de IVA por exportaciones a Tierra del Fuego
100
1
_a
Oklander, Juan
773
0
_t
Revista Impuestos
_g
- NÂș 22 (nov. 2007)
_w
REV639
999
_c
15642
_d
15642